000 01198cam a2200301 4500
001 J2740
008 090401t1994 xxu||||| |||| 00| 0 eng d
035 _a(Sirsi) u50946
041 _aeng
050 _a333.332
110 _aHenry Stewart Conference Studies
_92099
245 _aWhat is my/that pub worth?/ where is the market headed now? Additional papers ... 20 May 1994, Cafe Royal, London W1. (The 1994 Henry Stewart Market Briefing)
260 _aLondon
_bHenry Stewart Conference Studies
_c1994
300 _a(62) leaves ; 30cm.
350 _a0
520 _aPapers: - Capital values in accordance with the RICS Valuation Guidance Notes (The White Book)./ GILLHAM, B. - Miscellany of potted topics./ GILLHAM, B. - Implications of the rating revaluation for capital values./ GERMANEY, D. - Valuing the multi-pub owning business./ MILLER, A.
650 _aCAPITAL VALUES
650 _aCONFERENCES
650 _aHENRY STEWART MARKET BRIEFING
650 _aLICENSED PREMISES
650 _aPUBLIC HOUSES
650 _aValuation
_96273
650 _aWHAT IS MY/THAT PUB WORTH?
650 _aWHITE BOOK
690 _aRATING AND VALUATION
942 _n0
948 _c04/03/1997
999 _c92779
_d92779